Sports Quiz

Random Sports or College Quiz

College Mascots Quiz Stats

 Plays Quiz not verified by Sporcle

Challenge
Share
Tweet
Embed
Score 0/20 Timer 10:00
0 Plays Today
Hint Answer % Correct
Boston CollegeBaldwin the eagle
66.7%
Duke UniversityThe Blue Devil
60%
Brown UniversityBruno the Bear
46.7%
University of MontanaMonte the Grizzly Bear
46.7%
Iona CollegeKillian the Gael
40%
Creighton UnviersityBilly Bluejay
40%
University of FloridaAlbert
33.3%
University of WashintonDubs the Husky
33.3%
Bryan CollegeBryan the Lion
26.7%
Lehigh UniversityClutch the Mountain Hawk
26.7%
Hint Answer % Correct
University of ArkansasBoss Hogg
20%
University of HartfordHowie the Hawk
20%
Pittsburg State UniversityGus the Gorilla
13.3%
Loyola Marymount UniversityIggy the Lion
13.3%
University of NevadaAlphine
6.7%
Willametter UnviersityBlitz
6.7%
Universtiy of EdwardsvilleAce Purple
6.7%
Belmont UniversityBruiser
6.7%
Wofford CollegeBoss
6.7%
Bob Jones UniversityBrody the Bruin
6.7%

You're not logged in!

Compare scores with friends on all Sporcle quizzes.
Join for Free
OR
Log In

You Might Also Like...

Show Comments

Extras

Created Mar 11, 2014ReportNominate
Tags:College Quiz, mascot

Top Quizzes Today


Score Distribution

Your Account Isn't Verified!

In order to create a playlist on Sporcle, you need to verify the email address you used during registration. Go to your Sporcle Settings to finish the process.

Report this User

Report this user for behavior that violates our Community Guidelines.

Details: